000 00810nam a22002057a 4500
003 BUBTL
008 230510b ||||| |||| 00| 0 eng d
020 _a9848261184
082 _a891.44/ M6972n/ 2021
100 _95313
_aমিত্র, দীনবন্ধু
245 _aনীলদর্পণ /
_cদীনবন্ধু মিত্র
250 _a1st Edn
260 _aঢাকা:
_bদি স্কাই পাবলিশার্স,
_cc2021
300 _a94 p.:
_c22 cm
505 _aবাংলা নাটক, নীলদর্পণ, দীনবন্ধু মিত্র, বাংলা সাহিত্য
650 0 _91687
_aবাংলা সাহিত্য
856 _k0
_l0
_yDownload
942 _2ddc
_cBK
999 _c7042
_d7042